[Event "Titled Tuesday intern op 20th Oct"]
[Site "Chess.com INT"]
[Date "2020.10.20"]
[Round "1"]
[White "Kulkarni, Rakesh"]
[Black "Curriah, Malik"]
[Result "1/2-1/2"]
[WhiteElo "2321"]
[BlackElo "2043"]
[PlyCount "104"]
[EventDate "2020.10.20"]
[EventType "swiss (blitz)"]
[EventRounds "11"]
[EventCountry "USA"]
[SourceTitle "EXT 2022"]
[Source "ChessBase"]
[SourceDate "2021.10.06"]
[SourceVersion "1"]
[SourceVersionDate "2021.10.06"]
[SourceQuality "1"]

1. e4 c5 2. c3 d5 3. exd5 Qxd5 4. d4 Nf6 5. Nf3 e6 6. Be3 cxd4 7. cxd4 Nc6 8. Nc3 Qd8 9. Bd3 Be7 10. a3 0-0 11. 0-0 b6 12. Qe2 Bb7 13. Rad1 Nd5 14. Bb1 Rc8 15. Ne4 h6 16. Qd3 f5 17. Nc3 Rf6 18. Rfe1 g5 19. Ne5 Nxc3 20. bxc3 Nxe5 21. dxe5 Qxd3 22. Rxd3 Rf7 23. Rd7 Bxa3 24. Red1 Bc6 25. Rd8+ Rxd8 26. Rxd8+ Rf8 27. Rd1 Kf7 28. h4 f4 29. Bd4 gxh4 30. f3 h3 31. gxh3 Rg8+ 32. Kf2 Rg3 33. Be4 Bxe4 34. fxe4 Rxh3 35. Ra1 Bc5 36. Rxa7+ Ke8 37. Rc7 Rxc3 38. Bxc5 bxc5 39. Rh7 Re3 40. Rxh6 Ke7 41. Rh7+ Kd8 42. Rh6 Kd7 43. Rh7+ Kc8 44. Re7 Rxe4 45. Rxe6 c4 46. Kf3 Rd4 47. Rc6+ Kd7 48. Rc5 Ke6 49. Kg4 Re4 50. Kf3 Rd4 51. Kg4 Re4 52. Kf3 Rd4 1/2-1/2

[Event "Titled Tuesday intern op 20th Oct"]
[Site "Chess.com INT"]
[Date "2020.10.20"]
[Round "4"]
[White "Ward, Ieuan C"]
[Black "Curriah, Malik"]
[Result "0-1"]
[WhiteElo "2028"]
[BlackElo "2043"]
[PlyCount "86"]
[EventDate "2020.10.20"]
[EventType "swiss (blitz)"]
[EventRounds "11"]
[EventCountry "USA"]
[SourceTitle "EXT 2022"]
[Source "ChessBase"]
[SourceDate "2021.10.06"]
[SourceVersion "1"]
[SourceVersionDate "2021.10.06"]
[SourceQuality "1"]

1. e4 c5 2. Nf3 d6 3. d3 Nc6 4. c3 Nf6 5. Nbd2 b6 6. g3 Bb7 7. Bg2 e6 8. 0-0 Be7 9. Qc2 0-0 10. Re1 a6 11. Nf1 b5 12. h4 Qc7 13. N1h2 c4 14. d4 e5 15. d5 Na5 16. Bg5 Bc8 17. Be3 Nb7 18. a4 Bd7 19. axb5 axb5 20. Nd2 Nc5 21. Bxc5 Qxc5 22. Nhf1 Ng4 23. Ne3 Nxe3 24. Rxe3 Rxa1+ 25. Kh2 Rfa8 26. Nf3 Qc8 27. b3 R8a2 28. Qxa2 Rxa2 29. b4 Bg4 30. h5 Bd8 31. Ne1 Bb6 32. Rf3 Bxf3 33. Bxf3 Rxf2+ 34. Ng2 Qa8 35. Kh3 Rxf3 36. Kh4 Rf2 37. Ne3 Qa2 38. Ng4 Qe2 39. Nxf2 Qxf2 40. Kg4 Qg2 41. Kf5 Bd8 42. h6 Qh3+ 43. g4 Qf3# 0-1

[Event "Titled Tuesday intern op 13th Oct"]
[Site "Chess.com INT"]
[Date "2020.10.13"]
[Round "6"]
[White "Curriah, Malik"]
[Black "Kabanova, Ekaterina"]
[Result "0-1"]
[WhiteElo "2043"]
[BlackElo "2138"]
[PlyCount "68"]
[EventDate "2020.10.13"]
[EventType "swiss (blitz)"]
[EventRounds "10"]
[EventCountry "USA"]
[SourceTitle "CBM 198 Extra"]
[Source "ChessBase"]
[SourceDate "2020.11.30"]
[SourceVersion "1"]
[SourceVersionDate "2020.11.30"]
[SourceQuality "1"]

1. e4 c6 2. d4 d5 3. Nc3 dxe4 4. Nxe4 Nd7 5. Bc4 Ngf6 6. Ng5 e6 7. Qe2 Nb6 8. Bb3 h6 9. N5f3 Bd6 10. Ne5 0-0 11. Ngf3 a5 12. c3 c5 13. 0-0 cxd4 14. Nxd4 Nbd5 15. Rd1 Qb6 16. Nc4 Qa6 17. Qf1 Bc7 18. Ne3 Qd6 19. Nf3 a4 20. Bc2 Qe7 21. Nxd5 exd5 22. Be3 Bg4 23. Qe2 Rfe8 24. h3 Bh5 25. g4 Nxg4 26. hxg4 Bxg4 27. Rd4 Bh5 28. Bd1 Qf6 29. Rxd5 Re4 30. Rxh5 Qg6+ 31. Kf1 Qxh5 32. Bc2 Rg4 33. Qd3 g6 34. Ke2 Re8 0-1

[Event "Titled Tuesday intern op 22nd Sept"]
[Site "Chess.com INT"]
[Date "2020.09.22"]
[Round "7"]
[White "Curriah, Malik"]
[Black "Nayem, Haque"]
[Result "0-1"]
[WhiteElo "2043"]
[BlackElo "2031"]
[PlyCount "74"]
[EventDate "2020.09.22"]
[EventType "swiss (blitz)"]
[EventRounds "10"]
[EventCountry "USA"]
[SourceTitle "CBM 198 Extra"]
[Source "ChessBase"]
[SourceDate "2020.11.30"]
[SourceVersion "1"]
[SourceVersionDate "2020.11.30"]
[SourceQuality "1"]

1. d4 Nf6 2. c4 e6 3. Nf3 d5 4. g3 dxc4 5. Bg2 Nc6 6. 0-0 Be7 7. Qa4 0-0 8. Qxc4 a6 9. Bg5 Bd7 10. e3 b5 11. Qe2 Rc8 12. Nbd2 b4 13. Qxa6 Nd5 14. Bxe7 Qxe7 15. Rfc1 Ra8 16. Qd3 Na5 17. Ne5 Rab8 18. Rc5 Nb7 19. Rc2 Ba4 20. b3 Be8 21. Bxd5 exd5 22. Rac1 c5 23. Nef3 Rc8 24. Qa6 Ra8 25. Qb6 c4 26. bxc4 dxc4 27. Rxc4 Nd6 28. Rc7 Qd8 29. R1c2 Nb5 30. Rb7 Na3 31. Rcc7 Qd5 32. e4 Qxa2 33. Qxb4 Nc2 34. Qc3 Na3 35. Ne5 Nb5 36. Qc5 Nxc7 37. Qxc7 Qxd2 0-1

[Event "Titled Tuesday intern op 15th Sept"]
[Site "Chess.com INT"]
[Date "2020.09.15"]
[Round "10"]
[White "Curriah, Malik"]
[Black "Lauridsen, Jesper Morch"]
[Result "1-0"]
[WhiteElo "2043"]
[BlackElo "2215"]
[PlyCount "71"]
[EventDate "2020.09.15"]
[EventType "swiss (blitz)"]
[EventRounds "10"]
[EventCountry "USA"]
[SourceTitle "CBM 198 Extra"]
[Source "ChessBase"]
[SourceDate "2020.11.30"]
[SourceVersion "1"]
[SourceVersionDate "2020.11.30"]
[SourceQuality "1"]

1. d4 Nf6 2. c4 c5 3. d5 e6 4. Nc3 exd5 5. cxd5 d6 6. e4 g6 7. f4 Bg7 8. Bb5+ Nfd7 9. Nf3 a6 10. Bd3 b5 11. 0-0 c4 12. Bc2 Qb6+ 13. Kh1 0-0 14. Re1 Nf6 15. Be3 Qc7 16. e5 Ng4 17. Bg1 dxe5 18. d6 Qd8 19. fxe5 Bb7 20. Nd5 Nd7 21. Be4 Kh8 22. Nc7 Bxe4 23. Rxe4 Nh6 24. Nxa8 Qxa8 25. Qe2 Nc5 26. Rh4 Nf5 27. Bxc5 Nxh4 28. Nxh4 Qd5 29. Qe3 Bxe5 30. Nf3 Bxd6 31. Bd4+ f6 32. Rd1 Qa8 33. Qe6 Qd8 34. Bc5 Bxc5 35. Rxd8 Rxd8 36. Qxf6+ 1-0

[Event "Titled Tuesday intern op 15th Sept"]
[Site "Chess.com INT"]
[Date "2020.09.15"]
[Round "2"]
[White "Curriah, Malik"]
[Black "Nilsen, Tobias Lang"]
[Result "1-0"]
[WhiteElo "2043"]
[BlackElo "2146"]
[PlyCount "73"]
[EventDate "2020.09.15"]
[EventType "swiss (blitz)"]
[EventRounds "10"]
[EventCountry "USA"]
[SourceTitle "CBM 198 Extra"]
[Source "ChessBase"]
[SourceDate "2020.11.30"]
[SourceVersion "1"]
[SourceVersionDate "2020.11.30"]
[SourceQuality "1"]

1. e4 e6 2. d4 d5 3. Nc3 Bb4 4. e5 Ne7 5. a3 Bxc3+ 6. bxc3 c5 7. Nf3 h6 8. a4 b6 9. Bb5+ Nd7 10. a5 a6 11. Bxd7+ Bxd7 12. axb6 Qxb6 13. 0-0 cxd4 14. Ba3 dxc3 15. Nd4 Ra7 16. Qg4 Ng6 17. Rfb1 Qd8 18. Nf3 Bb5 19. h4 h5 20. Qd4 Rc7 21. Bd6 Rc4 22. Qa7 Qd7 23. Qb8+ Rc8 24. Qb6 Ne7 25. Rxb5 axb5 26. Ra7 Rc6 27. Rxd7 Rxb6 28. Rxe7+ Kd8 29. Rxf7 b4 30. Nd4 Ra6 31. Nxe6+ Kc8 32. Rc7+ Kb8 33. Rxg7+ Rxd6 34. exd6 b3 35. Nd4 Ka8 36. Nc6 Rb8 37. Ra7# 1-0

[Event "Titled Tuesday intern op 15th Sept"]
[Site "Chess.com INT"]
[Date "2020.09.15"]
[Round "1"]
[White "De Silva, LMST"]
[Black "Curriah, Malik"]
[Result "1-0"]
[WhiteElo "2153"]
[BlackElo "2043"]
[PlyCount "95"]
[EventDate "2020.09.15"]
[EventType "swiss (blitz)"]
[EventRounds "10"]
[EventCountry "USA"]
[SourceTitle "CBM 198 Extra"]
[Source "ChessBase"]
[SourceDate "2020.11.30"]
[SourceVersion "1"]
[SourceVersionDate "2020.11.30"]
[SourceQuality "1"]

1. e4 c5 2. Nf3 d6 3. Bb5+ Bd7 4. Bxd7+ Nxd7 5. 0-0 Ngf6 6. Re1 e6 7. c3 Be7 8. d4 cxd4 9. cxd4 d5 10. e5 Ne4 11. Nc3 Nxc3 12. bxc3 0-0 13. Qd3 Nb6 14. Rb1 Rc8 15. Bf4 Rc7 16. Nd2 Qd7 17. Re3 Rfc8 18. Rh3 g6 19. Rc1 Na4 20. c4 Nb2 21. Qg3 Nxc4 22. Nf3 Nxe5 23. Rf1 Nxf3+ 24. Qxf3 Rc2 25. Be5 Qb5 26. g4 Rc1 27. Rd1 Qa4 28. Rxc1 Rxc1+ 29. Kg2 Qd1 30. Qxd1 Rxd1 31. Rc3 f6 32. Rc8+ Kf7 33. Bb8 Rxd4 34. Bxa7 Rc4 35. Rb8 Ra4 36. Rxb7 Ke8 37. Be3 Rxa2 38. Rb8+ Kf7 39. Rh8 g5 40. Rxh7+ Ke8 41. Rh5 Kd7 42. h4 gxh4 43. Rxh4 f5 44. Rh7 fxg4 45. Bg5 g3 46. Kxg3 Ra3+ 47. f3 Re3 48. Bxe3 1-0

[Event "Titled Tuesday intern op 15th Sept"]
[Site "Chess.com INT"]
[Date "2020.09.15"]
[Round "9"]
[White "Koellner, Ruben Gideon"]
[Black "Curriah, Malik"]
[Result "1-0"]
[WhiteElo "2330"]
[BlackElo "2043"]
[PlyCount "65"]
[EventDate "2020.09.15"]
[EventType "swiss (blitz)"]
[EventRounds "10"]
[EventCountry "USA"]
[SourceTitle "CBM 198 Extra"]
[Source "ChessBase"]
[SourceDate "2020.11.30"]
[SourceVersion "1"]
[SourceVersionDate "2020.11.30"]
[SourceQuality "1"]

1. d4 Nf6 2. Bg5 e6 3. Nd2 d5 4. e3 c5 5. c3 Nc6 6. Bd3 Bd6 7. f4 h6 8. Bh4 cxd4 9. cxd4 Qb6 10. Ngf3 Qxb2 11. 0-0 Qc3 12. Qe2 Nb4 13. Bb5+ Bd7 14. Rfc1 Nc2 15. Bxf6 gxf6 16. Bxd7+ Kxd7 17. Nf1 Rac8 18. Rab1 b6 19. Ne1 Nxd4 20. exd4 Qxd4+ 21. Qf2 Qxf2+ 22. Kxf2 Bxf4 23. Rxc8 Rxc8 24. g3 Bd6 25. Ke2 Rc3 26. Rb3 Rxb3 27. axb3 a5 28. Ne3 b5 29. Nd3 a4 30. bxa4 bxa4 31. Nc1 h5 32. Kd3 Kc6 33. Na2 1-0

[Event "Titled Tuesday intern op 08th Sept"]
[Site "Chess.com INT"]
[Date "2020.09.08"]
[Round "7"]
[White "Curriah, Malik"]
[Black "Palacio, Igor Da Paz"]
[Result "0-1"]
[WhiteElo "2043"]
[BlackElo "2172"]
[PlyCount "44"]
[EventDate "2020.09.08"]
[EventType "swiss (blitz)"]
[EventRounds "10"]
[EventCountry "USA"]
[SourceTitle "CBM 198 Extra"]
[Source "ChessBase"]
[SourceDate "2020.11.30"]
[SourceVersion "1"]
[SourceVersionDate "2020.11.30"]
[SourceQuality "1"]

1. e4 c5 2. Nf3 Nc6 3. d4 cxd4 4. Nxd4 Nf6 5. Nc3 e5 6. Ndb5 d6 7. Bg5 a6 8. Na3 Be7 9. Bxf6 Bxf6 10. Nd5 b5 11. c3 Bg5 12. Nc2 0-0 13. h4 Bh6 14. a4 bxa4 15. Rxa4 a5 16. Bd3 Rb8 17. b4 axb4 18. cxb4 Be6 19. g4 f6 20. Bc4 Kh8 21. Qb1 Bxg4 22. Rg1 Bf3 0-1

[Event "Titled Tuesday intern op 08th Sept"]
[Site "Chess.com INT"]
[Date "2020.09.08"]
[Round "2"]
[White "Kahlert, Thomas"]
[Black "Curriah, Malik"]
[Result "1-0"]
[WhiteElo "2155"]
[BlackElo "2043"]
[PlyCount "77"]
[EventDate "2020.09.08"]
[EventType "swiss (blitz)"]
[EventRounds "10"]
[EventCountry "USA"]
[SourceTitle "CBM 198 Extra"]
[Source "ChessBase"]
[SourceDate "2020.11.30"]
[SourceVersion "1"]
[SourceVersionDate "2020.11.30"]
[SourceQuality "1"]

1. c4 e5 2. Nc3 Nf6 3. Nf3 Nc6 4. g3 Bb4 5. Bg2 0-0 6. 0-0 Bxc3 7. dxc3 Qe7 8. Bg5 h6 9. Bxf6 Qxf6 10. Ne1 b6 11. Nc2 Bb7 12. Ne3 Na5 13. Qxd7 Bxg2 14. Kxg2 Rfd8 15. Qxc7 Rd2 16. b4 Qc6+ 17. Qxc6 Nxc6 18. Rfd1 Rxe2 19. Kf1 Rb2 20. Ke1 Kf8 21. Rd2 Rxd2 22. Kxd2 e4 23. a4 Ne5 24. h4 Rc8 25. a5 Rc6 26. axb6 axb6 27. Ra7 g6 28. c5 bxc5 29. b5 Rd6+ 30. Kc2 Nd7 31. Nc4 Rd5 32. b6 Ke7 33. Ra8 Ke6 34. b7 Rf5 35. Rd8 Rxf2+ 36. Kb3 Rf1 37. Rxd7 Kxd7 38. b8Q Rb1+ 39. Nb2 1-0

[Event "Titled Tuesday intern op 01st Sept"]
[Site "Chess.com INT"]
[Date "2020.09.01"]
[Round "1"]
[White "Curriah, Malik"]
[Black "Tologontegin, Semetey"]
[Result "0-1"]
[WhiteElo "2043"]
[BlackElo "2358"]
[PlyCount "138"]
[EventDate "2020.09.01"]
[EventType "swiss (blitz)"]
[EventRounds "10"]
[EventCountry "USA"]
[SourceTitle "CBM 198 Extra"]
[Source "ChessBase"]
[SourceDate "2020.11.30"]
[SourceVersion "1"]
[SourceVersionDate "2020.11.30"]
[SourceQuality "1"]

1. e4 c5 2. Nf3 d6 3. Bb5+ Nc6 4. Bxc6+ bxc6 5. 0-0 e5 6. c3 Bg4 7. h3 Bh5 8. d4 Bxf3 9. Qxf3 exd4 10. cxd4 cxd4 11. e5 d5 12. Nd2 Bc5 13. Nc4 Ne7 14. b4 Bxb4 15. Nd6+ Bxd6 16. exd6 Qxd6 17. Ba3 c5 18. Rac1 Rc8 19. Qg4 0-0 20. Qxd4 Nf5 21. Qd3 g6 22. Rfd1 Rfd8 23. Qb5 Qb6 24. Rxc5 Rxc5 25. Qxc5 Qxc5 26. Bxc5 a6 27. g4 Nh4 28. Be7 Nf3+ 29. Kg2 Rd7 30. Kxf3 Rxe7 31. Rxd5 Re6 32. Rd7 g5 33. Rd5 h6 34. Kg3 Kf8 35. h4 f6 36. h5 Ke7 37. Rc5 Rd6 38. Rc7+ Ke6 39. Rh7 Rd3+ 40. f3 Ra3 41. Rxh6 Rxa2 42. Rh7 Ra1 43. Kg2 Ke5 44. Re7+ Kd6 45. Rf7 Ke6 46. Ra7 a5 47. h6 Ra2+ 48. Kg3 Ra1 49. Ra6+ Kf7 50. h7 Kg7 51. Ra7+ Kh8 52. f4 a4 53. fxg5 fxg5 54. Kf3 a3 55. Kg2 Ra2+ 56. Kg3 Ra1 57. Kg2 a2 58. Kh2 Rb1 59. Rxa2 Kxh7 60. Ra5 Kg6 61. Ra6+ Kf7 62. Ra5 Kf6 63. Ra6+ Ke5 64. Ra5+ Kf4 65. Ra4+ Kf3 66. Rc4 Rb2+ 67. Kh1 Rb8 68. Rd4 Kg3 69. Rc4 Rb1+ 0-1

[Event "Titled Tuesday intern op 01st Sept"]
[Site "Chess.com INT"]
[Date "2020.09.01"]
[Round "2"]
[White "Veiga, Emerson de Sousa"]
[Black "Curriah, Malik"]
[Result "1-0"]
[WhiteElo "2106"]
[BlackElo "2043"]
[PlyCount "35"]
[EventDate "2020.09.01"]
[EventType "swiss (blitz)"]
[EventRounds "10"]
[EventCountry "USA"]
[SourceTitle "CBM 198 Extra"]
[Source "ChessBase"]
[SourceDate "2020.11.30"]
[SourceVersion "1"]
[SourceVersionDate "2020.11.30"]
[SourceQuality "1"]

1. e4 c5 2. Nf3 d6 3. d4 cxd4 4. Nxd4 Nf6 5. Nc3 a6 6. Be3 Ng4 7. Bg5 h6 8. Bh4 g5 9. Bg3 Bg7 10. h3 Nf6 11. Bc4 Nc6 12. 0-0 0-0 13. Nf5 Nxe4 14. Nxh6+ Bxh6 15. Nxe4 Bf5 16. Qh5 Bg7 17. Nxg5 Bg6 18. Qxg6 1-0

[Event "Titled Tuesday intern op 25th Aug"]
[Site "Chess.com INT"]
[Date "2020.08.25"]
[Round "8"]
[White "Fajdetic, Hrvoje"]
[Black "Curriah, Malik"]
[Result "1-0"]
[WhiteElo "2151"]
[BlackElo "2043"]
[PlyCount "61"]
[EventDate "2020.08.25"]
[EventType "swiss (blitz)"]
[EventRounds "10"]
[EventCountry "USA"]
[SourceTitle "CBM 198 Extra"]
[Source "ChessBase"]
[SourceDate "2020.11.30"]
[SourceVersion "1"]
[SourceVersionDate "2020.11.30"]
[SourceQuality "1"]

1. d4 d5 2. Bf4 e6 3. e3 c5 4. Nc3 cxd4 5. exd4 a6 6. Bd3 Nc6 7. Nce2 Qb6 8. Rb1 Nxd4 9. Nxd4 Bc5 10. Ngf3 Bd7 11. c3 0-0-0 12. 0-0 f6 13. b4 Bf8 14. a4 e5 15. a5 Qa7 16. Bg3 exd4 17. cxd4 Ne7 18. Qc2+ Nc6 19. b5 axb5 20. Rxb5 Be7 21. Rc1 Rhe8 22. a6 bxa6 23. Rb8+ Qxb8 24. Bxb8 Kxb8 25. Bxa6 Kc7 26. Bb5 Rc8 27. Bxc6 Kd8 28. Qa4 Ba3 29. Qa5+ Ke7 30. Qxa3+ Kf7 31. Bxd7 1-0

[Event "Titled Tuesday intern op 25th Aug"]
[Site "Chess.com INT"]
[Date "2020.08.25"]
[Round "3"]
[White "Kazarian, Anna Maja"]
[Black "Curriah, Malik"]
[Result "0-1"]
[WhiteElo "2096"]
[BlackElo "2043"]
[PlyCount "72"]
[EventDate "2020.08.25"]
[EventType "swiss (blitz)"]
[EventRounds "10"]
[EventCountry "USA"]
[SourceTitle "CBM 198 Extra"]
[Source "ChessBase"]
[SourceDate "2020.11.30"]
[SourceVersion "1"]
[SourceVersionDate "2020.11.30"]
[SourceQuality "1"]

1. e4 c5 2. Nf3 d6 3. d4 cxd4 4. Nxd4 Nf6 5. Nc3 a6 6. Be3 Ng4 7. Bc1 Nf6 8. f3 e5 9. Nb3 Be6 10. Be3 Nbd7 11. Qd2 Qc7 12. 0-0-0 b5 13. g4 h6 14. h4 Rb8 15. Bd3 b4 16. Ne2 a5 17. g5 Nh5 18. g6 a4 19. gxf7+ Kxf7 20. Na1 Bxa2 21. f4 b3 22. fxe5 Nxe5 23. Rhf1+ Nf6 24. c3 a3 25. Nf4 Be7 26. Nd5 Qa5 27. Bd4 Rhc8 28. Rf5 Rb7 29. Bxe5 dxe5 30. Rxe5 Nxd5 31. Rxd5 Qa8 32. Rf1+ Kg8 33. c4 axb2+ 34. Kxb2 Ba3+ 35. Kc3 b2 36. Kd4 bxa1Q+ 0-1

[Event "Titled Tuesday intern op 25th Aug"]
[Site "Chess.com INT"]
[Date "2020.08.25"]
[Round "1"]
[White "Plotnikov, Pavel"]
[Black "Curriah, Malik"]
[Result "1-0"]
[WhiteElo "2297"]
[BlackElo "2043"]
[PlyCount "51"]
[EventDate "2020.08.25"]
[EventType "swiss (blitz)"]
[EventRounds "10"]
[EventCountry "USA"]
[SourceTitle "CBM 198 Extra"]
[Source "ChessBase"]
[SourceDate "2020.11.30"]
[SourceVersion "1"]
[SourceVersionDate "2020.11.30"]
[SourceQuality "1"]

1. e4 c5 2. c3 Nf6 3. e5 Nd5 4. d4 cxd4 5. Qxd4 e6 6. Bd3 Nc6 7. Qe4 Qc7 8. Nf3 d6 9. exd6 Bxd6 10. 0-0 Nf6 11. Qh4 Bd7 12. Bg5 Be7 13. Na3 a6 14. Nc4 b5 15. Bf4 Qd8 16. Nd6+ Bxd6 17. Bxd6 Nd5 18. Qg3 Qf6 19. Be4 0-0-0 20. a4 Nb6 21. axb5 axb5 22. Ra6 Kb7 23. Rfa1 Ra8 24. Rxa8 Rxa8 25. Rxa8 Kxa8 26. Ne5 1-0

[Event "Titled Tuesday intern op 25th Aug"]
[Site "Chess.com INT"]
[Date "2020.08.25"]
[Round "7"]
[White "Tarini, Goyal"]
[Black "Curriah, Malik"]
[Result "1-0"]
[WhiteElo "2164"]
[BlackElo "2043"]
[PlyCount "89"]
[EventDate "2020.08.25"]
[EventType "swiss (blitz)"]
[EventRounds "10"]
[EventCountry "USA"]
[SourceTitle "CBM 198 Extra"]
[Source "ChessBase"]
[SourceDate "2020.11.30"]
[SourceVersion "1"]
[SourceVersionDate "2020.11.30"]
[SourceQuality "1"]

1. d4 d5 2. c4 e6 3. g3 Nf6 4. Nf3 dxc4 5. Bg2 Nc6 6. 0-0 Rb8 7. e3 Bd6 8. Qe2 b5 9. a4 a6 10. axb5 axb5 11. b3 Bd7 12. bxc4 bxc4 13. Na3 c3 14. Nc4 Bb4 15. Ba3 0-0 16. Rfc1 Nd5 17. Bxb4 Ncxb4 18. e4 Bb5 19. exd5 exd5 20. Nfe5 f6 21. Qg4 dxc4 22. Qe6+ Kh8 23. Nf7+ Rxf7 24. Qxf7 Qxd4 25. Qxc7 Rd8 26. Ra7 Qd7 27. Qxd7 Bxd7 28. Rxc3 Be6 29. Bf1 Nd3 30. Re7 Bg8 31. Re3 h6 32. Bxd3 cxd3 33. Rexd3 Rb8 34. Rc7 Rb1+ 35. Kg2 Be6 36. Rd2 Rb5 37. h4 Kh7 38. Kh2 h5 39. Re2 Bg4 40. Ree7 Kg6 41. Rxg7+ Kf5 42. Kg2 Rb2 43. Rc5+ Ke6 44. Rgc7 Kd6 45. Rc2 1-0

[Event "Titled Tuesday intern op 18th Aug"]
[Site "Chess.com INT"]
[Date "2020.08.18"]
[Round "4"]
[White "Curriah, Malik"]
[Black "Svicevic, Rastko"]
[Result "0-1"]
[WhiteElo "2043"]
[BlackElo "2215"]
[PlyCount "46"]
[EventDate "2020.08.18"]
[EventType "swiss (blitz)"]
[EventRounds "10"]
[EventCountry "USA"]
[SourceTitle "CBM 197 Extra"]
[Source "ChessBase"]
[SourceDate "2020.09.30"]
[SourceVersion "1"]
[SourceVersionDate "2020.09.30"]
[SourceQuality "1"]

1. e4 d5 2. exd5 Nf6 3. d4 Bg4 4. f3 Bf5 5. c4 e6 6. dxe6 Nc6 7. d5 Nb4 8. Na3 fxe6 9. Qa4+ c6 10. Bd2 a5 11. Ne2 exd5 12. Nd4 Bd7 13. 0-0-0 Bc5 14. Re1+ Kf7 15. Nac2 Re8 16. cxd5 Rxe1+ 17. Bxe1 b5 18. Qb3 a4 19. Qe3 Nbxd5 20. Qg5 h6 21. Qg3 Qb6 22. Bd3 Bxd4 23. Bg6+ Kg8 0-1

[Event "Titled Tuesday intern op 4th Aug 2pm"]
[Site "Chess.com INT"]
[Date "2020.08.04"]
[Round "5"]
[White "Curriah, Malik"]
[Black "Dong, Bao Nghia"]
[Result "1-0"]
[WhiteElo "2043"]
[BlackElo "2227"]
[PlyCount "77"]
[EventDate "2020.08.04"]
[EventType "swiss (blitz)"]
[EventRounds "10"]
[EventCountry "USA"]
[SourceTitle "CBM 197 Extra"]
[Source "ChessBase"]
[SourceDate "2020.09.30"]
[SourceVersion "1"]
[SourceVersionDate "2020.09.30"]
[SourceQuality "1"]

1. e4 e6 2. d4 d5 3. Nc3 dxe4 4. Nxe4 Bd7 5. Nf3 Bc6 6. Bd3 Nd7 7. 0-0 Ngf6 8. Re1 Be7 9. h3 Nxe4 10. Bxe4 Bxe4 11. Rxe4 c5 12. Bd2 Nf6 13. Rf4 0-0 14. c3 h6 15. Qe2 g5 16. Rxf6 Bxf6 17. dxc5 Qd5 18. Be3 Rfd8 19. Nd2 a5 20. Qh5 Bg7 21. h4 a4 22. a3 f6 23. hxg5 hxg5 24. Qf3 Qxf3 25. Nxf3 e5 26. Nd2 Bf8 27. Nc4 Ra6 28. g4 Rc8 29. Nb6 Rc7 30. Rd1 Bxc5 31. Rd8+ Kg7 32. Nd5 Rcc6 33. Rd7+ Kg6 34. Rxb7 Bxe3 35. Nxe3 Rcb6 36. Rc7 Rxb2 37. Nf5 Rb1+ 38. Kg2 Ra7 39. Rxa7 1-0

[Event "Titled Tuesday intern op 4th Aug 10am"]
[Site "Chess.com INT"]
[Date "2020.08.04"]
[Round "9"]
[White "Curriah, Malik"]
[Black "Ronka, Erik"]
[Result "1/2-1/2"]
[WhiteElo "2043"]
[BlackElo "2281"]
[PlyCount "53"]
[EventDate "2020.08.04"]
[EventType "swiss (blitz)"]
[EventRounds "10"]
[EventCountry "USA"]
[SourceTitle "CBM 197 Extra"]
[Source "ChessBase"]
[SourceDate "2020.09.30"]
[SourceVersion "1"]
[SourceVersionDate "2020.09.30"]
[SourceQuality "1"]

1. e4 g6 2. d4 Bg7 3. Nc3 d6 4. f4 Nf6 5. Nf3 0-0 6. Bd3 Nc6 7. e5 dxe5 8. dxe5 Nh5 9. Be4 Qxd1+ 10. Nxd1 f6 11. Bd5+ Kh8 12. Bxc6 bxc6 13. Nf2 fxe5 14. fxe5 Nf4 15. Bxf4 Rxf4 16. Nd3 Rf8 17. 0-0-0 Bh6+ 18. Kb1 Bg4 19. Rhf1 Rad8 20. c3 Rd5 21. c4 Rdd8 22. Kc2 Bf5 23. Kc3 Be3 24. Rfe1 Bh6 25. Rf1 Be3 26. Rfe1 Bh6 27. Rf1 1/2-1/2

[Event "Titled Tuesday intern op 4th Aug 10am"]
[Site "Chess.com INT"]
[Date "2020.08.04"]
[Round "2"]
[White "Prydun, Andriy"]
[Black "Curriah, Malik"]
[Result "0-1"]
[WhiteElo "2254"]
[BlackElo "2043"]
[PlyCount "66"]
[EventDate "2020.08.04"]
[EventType "swiss (blitz)"]
[EventRounds "10"]
[EventCountry "USA"]
[SourceTitle "CBM 197 Extra"]
[Source "ChessBase"]
[SourceDate "2020.09.30"]
[SourceVersion "1"]
[SourceVersionDate "2020.09.30"]
[SourceQuality "1"]

1. d4 Nf6 2. Nc3 d5 3. Bf4 c5 4. e3 a6 5. a3 cxd4 6. exd4 Nc6 7. Nf3 Bg4 8. Be2 e6 9. Ne5 Bxe2 10. Nxe2 Nd7 11. Nxc6 bxc6 12. 0-0 c5 13. c4 dxc4 14. d5 Nf6 15. dxe6 Qxd1 16. Raxd1 fxe6 17. Rfe1 Kf7 18. Be5 Be7 19. Nf4 Rhe8 20. Rc1 Nd5 21. Rxc4 Bf6 22. Rxc5 Bxe5 23. Nxd5 exd5 24. g3 Bxb2 25. Rc7+ Kf8 26. Rb1 Rab8 27. Ra7 Re6 28. Rd1 d4 29. Rd3 Bc3 30. g4 a5 31. g5 Re7 32. Ra6 Rb3 33. Rxa5 Rb1+ 0-1

[Event "Titled Tuesday intern op 4th Aug 2pm"]
[Site "Chess.com INT"]
[Date "2020.08.04"]
[Round "1"]
[White "Szabo, Marcell"]
[Black "Curriah, Malik"]
[Result "1-0"]
[WhiteElo "1895"]
[BlackElo "2043"]
[PlyCount "59"]
[EventDate "2020.08.04"]
[EventType "swiss (blitz)"]
[EventRounds "10"]
[EventCountry "USA"]
[SourceTitle "CBM 197 Extra"]
[Source "ChessBase"]
[SourceDate "2020.09.30"]
[SourceVersion "1"]
[SourceVersionDate "2020.09.30"]
[SourceQuality "1"]

1. e4 c5 2. Nf3 d6 3. Bb5+ Bd7 4. c4 Nc6 5. Nc3 g6 6. d3 Bg7 7. Be3 Nd4 8. Bxd7+ Qxd7 9. Bxd4 cxd4 10. Nb5 e5 11. Qa4 Kf8 12. Qa3 Ke7 13. Qa5 Nf6 14. Qb4 a6 15. Nxe5 Qe6 16. Nxd4 Qxe5 17. Qxb7+ Nd7 18. Nc6+ Ke6 19. Nxe5 Bxe5 20. Qd5+ Ke7 21. 0-0 Rab8 22. Rab1 Rb6 23. f4 Bxb2 24. e5 Rhb8 25. exd6+ Kf8 26. c5 Rb5 27. Rxb2 Rxb2 28. Qd4 Kg8 29. c6 Nf8 30. c7 1-0